000 00276nam a22000977a 4500
005 20250901165531.0
008 210602b |||||||| |||| 00| 0 eng d
050 _aBV4501.2 .M55 1967
245 _aA second touch
_cMILLER, KEITH
942 _2lcc
_hBV4501.2 .M55 1967
999 _c5424
_d5424